000 00559nam a2200181Ia 4500
005 20250508163243.0
008 008 250505s9999 xx 000 0 eng d
037 _aDissertations
040 _aFEDL
_beng
_cFEDL
041 _aeng
_2eng
084 _a371.5, STU/DI
_qFEDL
245 0 _aStudy into the problems of discipline among the students of basic school C.I.E. University of Delhi
260 _c1983
300 _a31p.
546 _aM.Ed. Dissertation (Delhi University)
942 _cDIS
_h371.5, STU/DI
999 _c1381808
_d1381808